| 000 | 01669nam a2200289 u 4500 | ||
|---|---|---|---|
| 001 | |||
| 003 | DO-SdBNP | ||
| 005 | 20220822121300.0 | ||
| 008 | 090706s1997 dr a r 001 0 spa d | ||
| 040 |
_aDO-SdBNP _bspa _cBPMSU |
||
| 082 | 4 |
_a304.2 _bM385b 1997 _222 |
|
| 100 | 1 |
_aMartínez, Eleuterio _d1954- |
|
| 245 | 1 | 0 |
_aBiodiversidad : _bsuma total de la vida / _cEleuterio Martínez. |
| 260 |
_aSanto Domingo : _bBanco de Reservas de la República Dominicana, _c1997. |
||
| 300 |
_a2 v. ; _c24 cm. _b |
||
| 490 | 0 |
_aBanreservas ; _aCiencia, _v2 |
|
| 500 | _aIncluye referencia bibliográficas y notas al pie de la páginas | ||
| 500 | _aIncluye datos biográficos del autor en la solapa de la cubierta | ||
| 505 | 0 | _aVol. 1. Presentación 15 -- Agradecimientos 19 -- Palabras preliminares 21 -- La esencia de la vida 25 -- La expresión de la vida 121 -- El hombre de cara a la vida 201 -- Bibliografía 335 -- Índices de figuras, de cuadros y de citas 339 -- Índice de materias 341 -- Vol. 2. Presentación 15 -- La diversidad de la vida 17 -- La base de la vida 25 -- Los reinos de la vida 37 -- Las relaciones primarias: naturaleza-naturaleza 49 -- Las relaciones intermedias/verticales: naturaleza-organismo 59 -- Las relaciones secundarias: organismo-organismo 75 -- Naturaleza: cooperación y competencia 99 -- Ecología humana 111 -- Ética conservacionista 131 -- Glosario 157 -- Conferencia mundial de educación ambiental 167 | |
| 590 | _aInventariado, 2022/VM | ||
| 650 | 4 | _aBiodiversidad | |
| 650 | 4 | _aMedio ambiente | |
| 650 | 4 | _aEcología | |
| 650 | 4 |
_aHombres _xInfluencia sobre la naturaleza. |
|
| 910 | _aVMateo V. | ||
| 942 |
_2ddc _cBK |
||
| 999 |
_c14237 _d14237 |
||